[Event "Satka Autumn op (Women)"]
[Site "Satka"]
[Date "2021.09.08"]
[Round "9"]
[White "Toledo Flores, Sofia"]
[Black "Kalashnikova, Elena"]
[Result "1-0"]
[WhiteElo "1464"]
[BlackElo "1678"]
[PlyCount "67"]
[EventDate "2021.08.31"]
[EventType "swiss"]
[EventRounds "9"]
[EventCountry "RUS"]
[SourceTitle "CBM 204 Extra"]
[Source "ChessBase"]
[SourceDate "2021.11.30"]
[SourceVersion "1"]
[SourceVersionDate "2021.11.30"]
[SourceQuality "1"]

1. e4 e5 2. Nf3 Nf6 3. Nxe5 d6 4. Nf3 Nxe4 5. d4 d5 6. Bd3 Bd6 7. 0-0 0-0 8. c4 c6 9. Re1 Re8 10. Nc3 Nxc3 11. bxc3 Bg4 12. Bg5 f6 13. Bh4 Nd7 14. Rxe8+ Qxe8 15. Qb1 Qh5 16. Qxb7 Rd8 17. Qxc6 Bxf3 18. Qxd6 Qxh4 19. gxf3 Qg5+ 20. Kh1 Qh5 21. Qxd5+ Qxd5 22. cxd5 Nb6 23. c4 Rc8 24. c5 Nxd5 25. Bc4 Rd8 26. c6 Kf8 27. Bxd5 Ke7 28. c7 Rc8 29. Rc1 Kd6 30. Be4 g6 31. Rc6+ Ke7 32. d5 f5 33. d6+ Ke6 34. Bd3 1-0

[Event "Satka Autumn op (Women)"]
[Site "Satka"]
[Date "2021.09.04"]
[Round "5"]
[White "Toledo Flores, Sofia"]
[Black "Kalenichenko, Alina"]
[Result "1-0"]
[WhiteElo "1464"]
[BlackElo "1552"]
[PlyCount "73"]
[EventDate "2021.08.31"]
[EventType "swiss"]
[EventRounds "9"]
[EventCountry "RUS"]
[SourceTitle "CBM 204 Extra"]
[Source "ChessBase"]
[SourceDate "2021.11.30"]
[SourceVersion "1"]
[SourceVersionDate "2021.11.30"]
[SourceQuality "1"]

1. e4 d6 2. d4 g6 3. Nc3 Nf6 4. Be3 Bg7 5. Qd2 c6 6. Nf3 0-0 7. Bd3 Ng4 8. Bg5 c5 9. Nd5 Nc6 10. h3 Nf6 11. dxc5 dxc5 12. c4 Nxd5 13. exd5 Nd4 14. Nxd4 Bxd4 15. 0-0 Re8 16. Rad1 Qd6 17. Be4 Qe5 18. Rde1 Qg7 19. Re2 e5 20. b4 f5 21. Bc2 b6 22. Ba4 Bd7 23. Bxd7 Qxd7 24. Be3 Rac8 25. Rfe1 Qc7 26. b5 Kf7 27. a4 f4 28. Qc1 fxe3 29. fxe3 Kg7 30. Qd2 Qd6 31. Rf2 Rf8 32. Rfe2 Rce8 33. exd4 cxd4 34. Qg5 Rf5 35. Qg3 Qf6 36. Re4 Rf1+ 37. Rxf1 1-0

[Event "Satka Autumn op (Women)"]
[Site "Satka"]
[Date "2021.08.31"]
[Round "1"]
[White "Toledo Flores, Sofia"]
[Black "Nosacheva, Mariya"]
[Result "1/2-1/2"]
[WhiteElo "1464"]
[BlackElo "2215"]
[PlyCount "68"]
[EventDate "2021.08.31"]
[EventType "swiss"]
[EventRounds "9"]
[EventCountry "RUS"]
[SourceTitle "CBM 204 Extra"]
[Source "ChessBase"]
[SourceDate "2021.11.30"]
[SourceVersion "1"]
[SourceVersionDate "2021.11.30"]
[SourceQuality "1"]

1. e4 c5 2. Nf3 d6 3. d4 cxd4 4. Nxd4 Nf6 5. Nc3 a6 6. Be2 e5 7. Nb3 b5 8. Bg5 Nbd7 9. Nd5 Bb7 10. Bxf6 Nxf6 11. Nxf6+ Qxf6 12. Qd3 Rd8 13. Na5 Bxe4 14. Qxe4 d5 15. Qg4 h5 16. Qh3 Bb4+ 17. c3 Bxa5 18. 0-0 g6 19. b4 Bb6 20. a4 Qc6 21. axb5 axb5 22. Qg3 Bc7 23. Ra7 Rb8 24. Rfa1 0-0 25. Bxh5 Ra8 26. Bxg6 fxg6 27. Rxa8 Rxa8 28. Rxa8+ Qxa8 29. Qxg6+ Kh8 30. Qh6+ Kg8 31. Qg6+ Kh8 32. Qh6+ Kg8 33. Qg6+ Kh8 34. Qh6+ Kg8 1/2-1/2

[Event "RUS-chT U14 final"]
[Site "Sochi"]
[Date "2019.05.02"]
[Round "2.3"]
[White "Toledo Flores, Sofia"]
[Black "Laukhina, Margarita A"]
[Result "1/2-1/2"]
[WhiteElo "1093"]
[BlackElo "1638"]
[PlyCount "102"]
[EventDate "2019.05.01"]
[EventType "team-tourn"]
[EventRounds "9"]
[EventCountry "RUS"]
[SourceTitle "CBM 190 Extra"]
[Source "ChessBase"]
[SourceDate "2019.07.15"]
[SourceVersion "1"]
[SourceVersionDate "2019.07.15"]
[SourceQuality "1"]

1. d4 d5 2. Nf3 Nf6 3. c4 c6 4. Nc3 e6 5. Qb3 Nbd7 6. g3 Bd6 7. Bg2 0-0 8. 0-0 Qe7 9. Rd1 b6 10. cxd5 exd5 11. Bd2 Bb7 12. Rac1 c5 13. Nb5 Bb8 14. Qe3 Qd8 15. Qb3 Ne4 16. Be3 a6 17. Nc3 c4 18. Qc2 Ndf6 19. Nxe4 Nxe4 20. Nd2 Nf6 21. b3 cxb3 22. Nxb3 Ng4 23. Bd2 Qe7 24. Bf3 Nf6 25. Qb1 Bd6 26. Be3 a5 27. Nd2 Nd7 28. Qb5 Qe6 29. Nc4 Be7 30. Nb2 Rac8 31. Nd3 Bc6 32. Qb2 Bd6 33. Nf4 Bxf4 34. Bxf4 b5 35. Qa3 a4 36. Qd6 Nb6 37. Qxe6 fxe6 38. Bg4 Kf7 39. Bd6 Rfd8 40. Bc5 Nc4 41. Rb1 g6 42. e3 Rb8 43. Be2 Ke8 44. h4 Kd7 45. Kg2 Nd6 46. Rdc1 Ne4 47. Bb4 Nd6 48. Bc5 Ne4 49. Bb4 Nd6 50. Bc5 Ne4 51. Bb4 Nd6 1/2-1/2